000 00767nam a2200229Ia 4500
008 191130s2001##################000#0#eng##
020 _a9780231113960
022 _a60144
040 _aACL
_cACL
082 _a361.32 GIT
245 _aHandbook of social work practice with vulnerable and resilient populations
_cAlex Gitterman, editor
250 _a2nd ed
260 _aNew York
_bColumbia University Press
_c2001
300 _axviii, 910 p. ; 26 cm
500 _aIncludes bibliographical references and indexes
650 _aSocial service - United States
650 _aSocial work with people with social disabilities - United States
700 _aGitterman, Alex
990 _aa5807f7cac10000c0dec0e0a51bbc064
991 _a340246
999 _c201070
_d201070